000 00311nam a22001217a 4500
008 230703b xxu||||| |||| 00| 0 eng d
082 _a351.9
_bWER
100 _cGideon S. Were
245 _aLeadership and Underdevelopment in Africa
260 _aNairobi
_bgideon S were
_c1983
300 _a46p
942 _2ddc
_cBK
999 _c3197
_d3197